000 00620nam a2200241 i 4500
001 C2-0287312
003 PPAK
005 20180728020634.0
008 080206s2003 ii |||| ||||| | eng d
020 _a8177351214
040 _aPPAK
_beng
_cPPAK
_erda
082 0 4 _a530
_223
090 0 0 _a530
_bTIT
_dR
245 0 0 _aTit bits in physics
264 1 _aChennai, India :
_bPavai Publications ,
_c2003
300 _a67 pages ;
_c18 cm
336 _2rdacontent
_atext
337 _2rdamedia
_aunmediated
338 _2rdacarrier
_avolume
650 1 0 _aPhysics
700 1 _aSrinivasan, V.,
_ecompile
942 _ddc
_cB
999 _c93013
_d93013